000
00166nam a22000857a 4500
082
_a
823
100
_a
ELIAS VALENTINE
245
_a
A GALAXY OF SHORT STORIES
942
_c
BK
999
_c
8511
_d
8511